000 00528nam a2200181Ia 4500
999 _c14529
_d14529
003 OSt
005 20201020110626.0
008 190216s9999||||xx |||||||||||||| ||und||
022 _a0415058848
040 _coclc
082 _a801.95
_bFOW/D
100 _a Fowler, Roger
_95396
245 0 _aA Dictionary Of Modern Critical Terms /
_cRoger Fowler
260 _bRoutledge London And New York,
_c2005.
_aLondon:
300 _a262p
650 _aEnglish
942 _cBK
_2ddc
_h801.95
_iFOW/D
_k801.95
_mFOW/D